000 00634cam a2200217 4500500
005 20260329002925.0
041 _afre
042 _adc
100 1 0 _aDuru, Martin
_eauthor
245 0 0 _aPourquoi aimons-nous les animaux ?
260 _c2014.
500 _a55
690 _aAnimaux
690 _aBête
690 _aOlivia Rosenthal
690 _aTristan Garcia
690 _aVinciane Despret
690 _aYannick Haenel
786 0 _nPhilosophie magazine | 77 | 3 | 2014-03-01 | p. 44-44 | 1951-1787
856 4 1 _uhttps://shs.cairn.info/magazine-philosophie-magazine-2014-3-page-44?lang=fr&redirect-ssocas=7080
999 _c1819705
_d1819705